О современном понятии информации; Информационные технологии; № 11

מידע ביבליוגרפי
Parent link:Информационные технологии: теоретический и прикладной научно-технический журнал.— , 2000-
№ 11.— 2003.— С. 53-57
מחבר ראשי: Данилин С. Н.
שפה:רוסית
יצא לאור: 2003
סדרה:Дискуссионный клуб
נושאים:
פורמט: Book Chapter
KOHA link:https://koha.lib.tpu.ru/cgi-bin/koha/opac-detail.pl?biblionumber=389231

MARC

LEADER 00000naa2a2200000 4500
001 389231
005 20231101063835.0
035 |a (RuTPU)RU\TPU\prd\21127 
090 |a 389231 
100 |a 20040113a2003 k y0rusy50 ca 
101 0 |a rus 
102 |a RU 
200 1 |a О современном понятии информации  |f С. Н. Данилин 
225 1 |a Дискуссионный клуб 
320 |a Библиогр.: 29 назв. 
461 1 |0 (RuTPU)RU\TPU\prd\1520  |t Информационные технологии  |o теоретический и прикладной научно-технический журнал  |d 2000- 
463 1 |0 (RuTPU)RU\TPU\prd\20703  |t № 11  |v С. 53-57  |d 2003 
610 1 |a информация 
610 1 |a понятие 
610 1 |a научная формулировка 
610 1 |a анализ 
675 |a 004.3  |v 3 
700 1 |a Данилин  |b С. Н. 
801 1 |a RU  |b 63413507  |c 20040113  |g PSBO 
801 2 |a RU  |b 63413507  |c 20130507  |g RCR 
942 |c BK